00640nam a2200193Ia 4500003000900000008004100009020001800050040001600068080001600084245008000100260004600180300001500226650002000241650004100261700003000302942000700332999001500339952009200354IN-BaIIA211028s9999 xx 000 0 eng d a0-8165-0695-7 cIIA Library a523.44bAST 0aAsteroidscedited by Tom Gehrels  aTucsonbUniversity of Arizona Pressc1979 axi, 1181p. aAsteroids94064 aAstronomy and astrophysics thesaurus aGehrels, Tom., ed.910477 cBK c6845d6845 00104070aBANbBANcGENd1981-09-07l0o523.44/ ASTp7609r2021-11-05w1981-09-07yBK